Find the Yellow Things (Blitz) Quiz Stats

 Plays Quiz Updated Mar 6, 2018

Score 0/21 Timer 01:00
3 Plays Today
% Correct
Lemon
93.8%
Taxi
93.8%
Homer
Simpson
93.8%
Tape Measure
93.6%
Banana
93.6%
Sandcastle
93.5%
Highlighter
93.3%
Rubber Duck
93.3%
Flag of
Vatican City
93.2%
Wasp
93.1%
Post-It Note
93.1%
% Correct
Big Bird
93.1%
Chick
93%
Pikachu
92.8%
Pac-Man
92.1%
Combine Harvester
91.9%
McDonald's
Logo
91.8%
Emoji
91.5%
Buttercup
89.9%
Sun
88.1%
Canary
86.6%

You're not logged in!

Compare scores with friends on all Sporcle quizzes.
OR
Log In

Sporcle TV

Today on Sporcle TV


Watch our educational content, quiz creation guides, and fun videos on Sporcle TV.

Show Comments

Extras

Top Quizzes Today


Score Distribution

Your Account Isn't Verified!

In order to create a playlist on Sporcle, you need to verify the email address you used during registration. Go to your Sporcle Settings to finish the process.

Report this User

Report this user for behavior that violates our Community Guidelines.

Details: